<?xml version="1.0" encoding="UTF-8"?>
<record
    xmlns:xsi="http://www.w3.org/2001/XMLSchema-instance"
    xsi:schemaLocation="http://www.loc.gov/MARC21/slim http://www.loc.gov/standards/marcxml/schema/MARC21slim.xsd"
    xmlns="http://www.loc.gov/MARC21/slim">

  <leader>00745nam a22002177a 4500</leader>
  <controlfield tag="003">OSt</controlfield>
  <controlfield tag="005">20230127173817.0</controlfield>
  <controlfield tag="008">221006b        |||||||| |||| 00| 0 eng d</controlfield>
  <datafield tag="022" ind1=" " ind2=" ">
    <subfield code="a">2500 8501 Julio</subfield>
  </datafield>
  <datafield tag="040" ind1=" " ind2=" ">
    <subfield code="c">Biblioteca Lado V</subfield>
  </datafield>
  <datafield tag="082" ind1=" " ind2=" ">
    <subfield code="a">779</subfield>
    <subfield code="b">M668m</subfield>
  </datafield>
  <datafield tag="130" ind1=" " ind2=" ">
    <subfield code="9">701</subfield>
    <subfield code="a">La Min&#xFA;scula Ensay&#xED;stica Ilustrada</subfield>
    <subfield code="l">spa</subfield>
  </datafield>
  <datafield tag="245" ind1=" " ind2=" ">
    <subfield code="a">La Min&#xFA;scula Ensay&#xED;stica Ilustrada/</subfield>
  </datafield>
  <datafield tag="260" ind1=" " ind2=" ">
    <subfield code="b">Mincultura</subfield>
    <subfield code="a">Colombia</subfield>
    <subfield code="c">2016</subfield>
  </datafield>
  <datafield tag="300" ind1=" " ind2=" ">
    <subfield code="c">6x8cm</subfield>
    <subfield code="a">52p.</subfield>
  </datafield>
  <datafield tag="490" ind1=" " ind2=" ">
    <subfield code="a">La Min&#xFA;scula Ensay&#xED;stica Ilustrada</subfield>
    <subfield code="v">Volumen 2 Julio</subfield>
  </datafield>
  <datafield tag="650" ind1=" " ind2="0">
    <subfield code="2">Tesauro de Arte &amp; Arquitectura</subfield>
    <subfield code="a">FOTOGRAFIA</subfield>
    <subfield code="9">702</subfield>
  </datafield>
  <datafield tag="650" ind1=" " ind2=" ">
    <subfield code="2">Tesauro de Arte &amp; Arquitectura</subfield>
    <subfield code="a">ARTE</subfield>
  </datafield>
  <datafield tag="650" ind1=" " ind2=" ">
    <subfield code="2">Tesauro de Arte &amp; Arquitectura</subfield>
    <subfield code="a">RECOPILACION</subfield>
  </datafield>
  <datafield tag="942" ind1=" " ind2=" ">
    <subfield code="2">ddc</subfield>
    <subfield code="c">1</subfield>
    <subfield code="h">779</subfield>
    <subfield code="i">M668m</subfield>
    <subfield code="n">0</subfield>
  </datafield>
  <datafield tag="999" ind1=" " ind2=" ">
    <subfield code="c">2990</subfield>
    <subfield code="d">2990</subfield>
  </datafield>
  <datafield tag="952" ind1=" " ind2=" ">
    <subfield code="0">0</subfield>
    <subfield code="1">0</subfield>
    <subfield code="2">ddc</subfield>
    <subfield code="4">0</subfield>
    <subfield code="7">0</subfield>
    <subfield code="a">LV</subfield>
    <subfield code="b">LV</subfield>
    <subfield code="c">coleccion</subfield>
    <subfield code="d">2023-01-27</subfield>
    <subfield code="i">005097</subfield>
    <subfield code="l">0</subfield>
    <subfield code="o">741.5 H565m</subfield>
    <subfield code="p">005097</subfield>
    <subfield code="r">2023-01-27 00:00:00</subfield>
    <subfield code="w">2023-01-27</subfield>
    <subfield code="y">1</subfield>
  </datafield>
  <datafield tag="952" ind1=" " ind2=" ">
    <subfield code="0">0</subfield>
    <subfield code="1">0</subfield>
    <subfield code="2">ddc</subfield>
    <subfield code="4">0</subfield>
    <subfield code="7">0</subfield>
    <subfield code="a">LV</subfield>
    <subfield code="b">LV</subfield>
    <subfield code="c">coleccion</subfield>
    <subfield code="d">2023-01-27</subfield>
    <subfield code="i">005096</subfield>
    <subfield code="l">0</subfield>
    <subfield code="o">779 M668m</subfield>
    <subfield code="p">005096</subfield>
    <subfield code="r">2023-01-27 00:00:00</subfield>
    <subfield code="w">2023-01-27</subfield>
    <subfield code="y">1</subfield>
  </datafield>
  <datafield tag="952" ind1=" " ind2=" ">
    <subfield code="0">0</subfield>
    <subfield code="1">0</subfield>
    <subfield code="2">ddc</subfield>
    <subfield code="4">0</subfield>
    <subfield code="7">0</subfield>
    <subfield code="a">LV</subfield>
    <subfield code="b">LV</subfield>
    <subfield code="c">coleccion</subfield>
    <subfield code="d">2023-01-27</subfield>
    <subfield code="i">005098</subfield>
    <subfield code="l">0</subfield>
    <subfield code="o">779 M668m</subfield>
    <subfield code="p">005098</subfield>
    <subfield code="r">2023-01-27 00:00:00</subfield>
    <subfield code="w">2023-01-27</subfield>
    <subfield code="y">1</subfield>
  </datafield>
  <datafield tag="952" ind1=" " ind2=" ">
    <subfield code="0">0</subfield>
    <subfield code="1">0</subfield>
    <subfield code="2">ddc</subfield>
    <subfield code="4">0</subfield>
    <subfield code="7">0</subfield>
    <subfield code="a">LV</subfield>
    <subfield code="b">LV</subfield>
    <subfield code="c">coleccion</subfield>
    <subfield code="d">2023-01-27</subfield>
    <subfield code="i">005095</subfield>
    <subfield code="l">0</subfield>
    <subfield code="o">741.5 A284m</subfield>
    <subfield code="p">005095</subfield>
    <subfield code="r">2023-01-27 00:00:00</subfield>
    <subfield code="w">2023-01-27</subfield>
    <subfield code="y">1</subfield>
  </datafield>
  <datafield tag="952" ind1=" " ind2=" ">
    <subfield code="0">0</subfield>
    <subfield code="1">0</subfield>
    <subfield code="2">ddc</subfield>
    <subfield code="4">0</subfield>
    <subfield code="7">0</subfield>
    <subfield code="a">LV</subfield>
    <subfield code="b">LV</subfield>
    <subfield code="c">coleccion</subfield>
    <subfield code="d">2023-01-27</subfield>
    <subfield code="i">005094</subfield>
    <subfield code="l">0</subfield>
    <subfield code="o">741.5 M668m</subfield>
    <subfield code="p">005094</subfield>
    <subfield code="r">2023-01-27 00:00:00</subfield>
    <subfield code="w">2023-01-27</subfield>
    <subfield code="y">1</subfield>
  </datafield>
  <datafield tag="952" ind1=" " ind2=" ">
    <subfield code="0">0</subfield>
    <subfield code="1">0</subfield>
    <subfield code="2">ddc</subfield>
    <subfield code="4">0</subfield>
    <subfield code="7">0</subfield>
    <subfield code="a">LV</subfield>
    <subfield code="b">LV</subfield>
    <subfield code="c">coleccion</subfield>
    <subfield code="d">2023-02-01</subfield>
    <subfield code="i">005093</subfield>
    <subfield code="l">0</subfield>
    <subfield code="o">986.1 M668m</subfield>
    <subfield code="p">005093</subfield>
    <subfield code="r">2023-02-01 00:00:00</subfield>
    <subfield code="w">2023-02-01</subfield>
    <subfield code="y">1</subfield>
  </datafield>
  <datafield tag="952" ind1=" " ind2=" ">
    <subfield code="0">0</subfield>
    <subfield code="1">0</subfield>
    <subfield code="2">ddc</subfield>
    <subfield code="4">0</subfield>
    <subfield code="7">0</subfield>
    <subfield code="a">LV</subfield>
    <subfield code="b">LV</subfield>
    <subfield code="c">coleccion</subfield>
    <subfield code="d">2023-02-01</subfield>
    <subfield code="i">005092</subfield>
    <subfield code="l">0</subfield>
    <subfield code="o">741 G186m</subfield>
    <subfield code="p">005092</subfield>
    <subfield code="r">2023-02-01 00:00:00</subfield>
    <subfield code="w">2023-02-01</subfield>
    <subfield code="y">1</subfield>
  </datafield>
  <datafield tag="952" ind1=" " ind2=" ">
    <subfield code="0">0</subfield>
    <subfield code="1">0</subfield>
    <subfield code="2">ddc</subfield>
    <subfield code="4">0</subfield>
    <subfield code="7">0</subfield>
    <subfield code="a">LV</subfield>
    <subfield code="b">LV</subfield>
    <subfield code="c">coleccion</subfield>
    <subfield code="d">2023-02-01</subfield>
    <subfield code="i">005091</subfield>
    <subfield code="l">0</subfield>
    <subfield code="o">779 M668m</subfield>
    <subfield code="p">005091</subfield>
    <subfield code="r">2023-02-01 00:00:00</subfield>
    <subfield code="w">2023-02-01</subfield>
    <subfield code="y">1</subfield>
  </datafield>
</record>
